000 00460nam a22001817a 4500
003 CEME
005 20210628202000.0
008 210129b xxu||||| |||| 00| 0 eng d
020 _a969-35-0823-8
040 _c.
082 _a910.4 ASH
100 _aAshfaq Ahmad
_93162
245 _aSafar dar safar
260 _aLAHORE
_bSANG E MEEL PUBLISHER,SANG-E-MEEL
_c1998
300 _a259P
650 _aURDU ADAB0-SAFARNAMA.SAFARNAMA
_957703
942 _cBK
_2ddc
999 _c567975
_d567975